Liku-liku menuju kemerdekaan / (Record no. 4241)

000 -LEADER
fixed length control field 01629nam a2200409 a 4500
003 - CONTROL NUMBER IDENTIFIER
control field AKMAL
005 - DATE AND TIME OF LATEST TRANSACTION
control field 20170525155944.0
008 - FIXED-LENGTH DATA ELEMENTS--GENERAL INFORMATION
fixed length control field 170525s2006 my a d | 000 0 may d
020 ## - INTERNATIONAL STANDARD BOOK NUMBER
International Standard Book Number 9679489043 (set) :
Terms of availability RM480.00
020 ## - INTERNATIONAL STANDARD BOOK NUMBER
International Standard Book Number 967948906X (kkrs.) :
Terms of availability RM60.00
040 ## - CATALOGING SOURCE
Original cataloging agency AKMAL
082 04 - DEWEY DECIMAL CLASSIFICATION NUMBER
Classification number 959.504 MOH
Edition number 22
090 00 - LOCALLY ASSIGNED LC-TYPE CALL NUMBER (OCLC); LOCAL CALL NUMBER (RLIN)
Classification number (OCLC) (R) ; Classification number, CALL (RLIN) (NR) 959.504
Local cutter number (OCLC) ; Book number/undivided call number, CALL (RLIN) MOH
100 0# - MAIN ENTRY--PERSONAL NAME
Personal name Mohd. Zahari Ishak
9 (RLIN) 518
245 10 - TITLE STATEMENT
Title Liku-liku menuju kemerdekaan /
Statement of responsibility, etc. Mohd. Zahari Ishak
260 ## - PUBLICATION, DISTRIBUTION, ETC.
Place of publication, distribution, etc. Melaka :
Name of publisher, distributor, etc. Associated Educational Distributors (M),
Date of publication, distribution, etc. 2006
300 ## - PHYSICAL DESCRIPTION
Extent 44ms. :
Other physical details il. wrn. ;
Dimensions 29cm.
500 ## - GENERAL NOTE
General note Mengandungi soalan
599 ## - LOCAL NOTE
Local Note DALAM PROSES
650 10 - SUBJECT ADDED ENTRY--TOPICAL TERM
Topical term or geographic name entry element Malay language
Form subdivision Readers
General subdivision History
9 (RLIN) 8296
651 #0 - SUBJECT ADDED ENTRY--GEOGRAPHIC NAME
Geographic name Malaysia
General subdivision History
9 (RLIN) 434
942 ## - ADDED ENTRY ELEMENTS (KOHA)
Source of classification or shelving scheme
Koha item type Book
Holdings
Withdrawn status Lost status Source of classification or shelving scheme Damaged status Not for loan Collection code Home library Current library Shelving location Date acquired Inventory number Total Checkouts Full call number Barcode Date last seen Price effective from Koha item type
          NON-FICTION AKMAL Melaka AKMAL Melaka PINJAMAN 25.05.2017 900493   959.504 MOH 201705511 25.05.2017 25.05.2017 Book
Pusat Sumber Maklumat Dato' Haji Sarmin Md Hussin, Akademi Kastam Diraja Malaysia, Melaka
Tel: 06-2331106 | Faks: 06-2313787